000 00834nam a22002777a 4500
001 262
003 FISKH
005 20230313121718.0
008 230313b cb ||||| |||| 00| 0 eng d
020 _a9780545462044
040 _aDLC
_cDLC
_dDLC
_dFISKH
_beng
050 0 0 _aSF445.5
_b.M972 2010
082 0 0 _a636.80092/9
_222
100 1 _aMyron, Vicki.
245 1 0 _aDewey the library cat :
_ba true story /
_cVicki Myron with Bret Witter.
260 _aNew York
_bScholastic
_c2010
300 _a214 p. :
_bcol. ill. ;
_c21 cm.
505 _aM
521 8 _a730
_bLexile
521 8 _aM
_bRaz-Plus
650 0 _aDewey (Cat)
_vJuvenile literature.
650 0 _aLibrary cats
_zIowa
_zSpencer
_vBiography
_vJuvenile literature.
700 1 _aWitter, Bret.
906 _a7
_bcbc
_corignew
_d1
_eecip
_f20
_gy-gencatlg
942 _2ddc
_cBK
_n0
999 _c262
_d262